000 00967cam a2200265 a 4500
001 2991259
003 OSt
005 20230704115622.0
008 921229s1992 nyu w i000 0 eng
010 _a 92252847
040 _aDLC
_cDLC
_dDLC
082 0 0 _a341.552
_bUNI
110 _bUnited nations Council of namibia
245 0 0 _aUnited nations Council of namibia
_bA summary of twenty years of efforts by the council for namibia on behalf of namibia independence
260 _aNew York :
_bUnited Nations,
_c1987
300 _a20p
500 _a"ST/LEG/SER.F/1."
500 _a"United Nations publication sales no. E.92.V.5"--T.p. verso.
650 0 _aArbitration (International law)
_vDigests.
650 0 _aInternational law
_vDigests.
710 2 _aInternational Court of Justice.
906 _a7
_bcbc
_corignew
_d2
_encip
_f19
_gy-gencatlg
942 _2ddc
_cBK
999 _c3762
_d3762